[Event "AUTO-INT-1753"]
[Site "http://www.queenalice.com/game.php?id=801357"]
[Date "2010.7.10"]
[Round "1"]
[White "maxpredador"]
[Black "Drifter"]
[Result "1-0"]
[WhiteElo "1725"]
[BlackElo "1675"]

1. e4 e5 2. Qh5 d6 3. Bc4 Qe7 4. Nh3 Bxh3 5. gxh3 Nf6 6. Qf5 Nc6 7. Nc3 Nd4 8.
Nd5 Nxd5 9. Qg4 Nf6 10. Qd1 Nxe4 11. Rf1 Qh4 12. c3 Nxf2 13. Qa4+ c6 14. cxd4 b5
15. Bxf7+ Kxf7 16. Qb3+ Ke7 17. Rxf2 exd4 18. Qf3 d5 19. Kd1 Kd6 20. d3 Kc5 21.
Rc2+ Kb6 22. Bf4 g5 23. Bg3 Qxh3 24. Bc7+ Kxc7 25. Qxh3 Re8 26. Re2 Be7 27. Kc2
h6 28. Rae1 Rh7 29. Rxe7+ Rhxe7 30. Rxe7+ Rxe7 31. Qxh6 Re2+ 32. Kc1 Rg2 33.
Qg7+ Kb6 34. h4 Rg1+ 35. Kc2 Rg2+ 36. Kb3 a5 37. Qxg5 a4+ 38. Ka3 Ka5 39. b4+
1-0

[Event "AUTO-INT-1753"]
[Site "http://www.queenalice.com/game.php?id=801358"]
[Date "2010.7.10"]
[Round "1"]
[White "Drifter"]
[Black "maxpredador"]
[Result "0-1"]
[WhiteElo "1661"]
[BlackElo "1758"]

1. e4 d5 2. Qe2 d4 3. e5 b6 4. Qe4 c6 5. Bb5 Bd7 6. Nf3 f5 7. exf6 Nxf6 8. Qxd4
cxb5 9. O-O Nc6 10. Qe3 Bg4 11. h3 Bxf3 12. Qxf3 Nd4 13. Qd3 a6 14. c3 Nc6 15.
Qf3 Ne5 16. Qf5 Nd3 17. b3 g6 18. Qe6 Nc5 19. Qe5 Qd7 20. d4 Nd3 21. Qe3 Nxc1
22. Qxc1 h5 23. Nd2 Bh6 24. Re1 O-O 25. Qd1 Bf4 26. Qe2 Rae8 27. Nf3 e5 28. dxe5
Nd5 29. Rad1 Qc6 30. Qe4 Ne7 31. Qxc6 Nxc6 32. Rd5 Rd8 33. c4 bxc4 34. bxc4 Ne7
35. Rxd8 Rxd8 36. a4 a5 37. g3 Bh6 38. e6 Rd3 39. Ne5 Ra3 40. Nf7 Bf8 41. Rc1
Rxa4 42. g4 hxg4 43. hxg4 g5 44. Rc2 Ng6 45. Nxg5 Be7 46. Nf3 Ra1+ 47. Kg2 Nf4+
48. Kg3 Nxe6 49. Rb2 Bd6+ 50. Kh4 Rh1+ 0-1

[Event "KORAMA II"]
[Site "http://www.queenalice.com/game.php?id=801378"]
[Date "2010.7.10"]
[Round "-"]
[White "perucona"]
[Black "maxpredador"]
[Result "0-1"]
[WhiteElo "1621"]
[BlackElo "1721"]

1. e4 d5 2. e5 d4 3. d3 Nc6 4. Nf3 Qd5 5. Be2 Nxe5 6. Nxe5 Qxe5 7. O-O e6 8. Re1
Bd6 9. Bf3 Qxh2+ 10. Kf1 e5 11. Bd5 Nf6 12. Bf3 h5 13. Bg5 Ng4 14. Bxg4 Bxg4 15.
f3 Bh3 16. gxh3 Qxh3+ 17. Ke2 Qg2# 0-1

[Event "KORAMA V"]
[Site "http://www.queenalice.com/game.php?id=801381"]
[Date "2010.7.10"]
[Round "-"]
[White "perucona"]
[Black "maxpredador"]
[Result "0-1"]
[WhiteElo "1549"]
[BlackElo "1770"]

1. e4 d5 2. e5 d4 3. d3 Qd5 4. Qe2 Nc6 5. f4 e6 6. Nf3 h6 7. Na3 Bd7 8. Bd2 a5
9. c3 dxc3 10. bxc3 Bxa3 11. Bc1 Be7 12. Be3 Qb5 13. c4 Qb4+ 14. Bd2 Qb2 15. Qd1
Nb4 16. Bxb4 Bxb4+ 17. Qd2 Bxd2+ 18. Kd1 Ba4+ 19. Ke2 Bxf4+ 20. Ke1 Qxa1+ 21.
Kf2 Qxa2+ 22. Kg1 Be3# 0-1

[Event "Challenge"]
[Site "http://www.queenalice.com/game.php?id=802652"]
[Date "2010.7.13"]
[Round "-"]
[White "maxpredador"]
[Black "Veve"]
[Result "1-0"]
[WhiteElo "1586"]
[BlackElo "1207"]

1. e4 d6 2. d4 h5 3. d5 Bg4 4. f3 Bd7 5. c3 c6 6. Nh3 a5 7. dxc6 Nxc6 8. Qb3 a4
9. Qd5 Ra5 10. Qc4 Be6 11. Qe2 g6 12. b4 Re5 13. Bf4 Bh6 14. Bxe5 Nxe5 15. Qb5+
Nd7 16. Qxa4 Nf6 17. Be2 b6 18. O-O Qc8 19. Ba6 Qc7 20. Na3 O-O 21. Nb5 Qb8 22.
Nd4 g5 23. Nc6 Qc7 24. Nxe7+ Kg7 25. Nf5+ Bxf5 26. exf5 Nd5 27. Qd1 N5f6 28. Qd2
g4 29. Nf4 d5 30. g3 Nb8 31. Qd4 Nxa6 32. Nxh5+ Kh7 33. Nxf6+ Kh8 34. Nxd5+ Bg7
35. Qxg7+ Kxg7 36. Nxc7 Nxc7 37. fxg4 Rd8 38. Rad1 Ra8 39. Rf2 Ra3 40. Rd3 Nb5
41. Rc2 f6 42. Rd7+ Kh6 43. g5+ Kxg5 44. h4+ Kxf5 45. Rd5+ Kg4 46. Rxb5 Ra6 47.
Kg2 f5 48. Rf2 Ra3 49. Rbxf5 Rxc3 50. R2f4# 1-0

[Event "CHEQUE! VII"]
[Site "http://www.queenalice.com/game.php?id=806989"]
[Date "2010.7.22"]
[Round "-"]
[White "perucona"]
[Black "maxpredador"]
[Result "0-1"]
[WhiteElo "1572"]
[BlackElo "1823"]

1. e4 d5 2. e5 d4 3. d3 Qd5 4. Nf3 Nc6 5. Bd2 Nxe5 6. Be2 a5 7. O-O Nh6 8. Bxh6
gxh6 9. Nxe5 Qxe5 10. Re1 Rg8 11. g3 Qf6 12. Bf3 e5 13. Kg2 c6 14. Na3 Bb4 15.
Re4 Bf5 16. Re2 O-O-O 17. c3 dxc3 18. bxc3 Bxa3 19. h3 Bxd3 20. Rd2 e4 21. Be2
Qxc3 22. Bxd3 exd3 23. f3 Rge8 24. Rb1 Re2+ 25. Rxe2 dxe2 26. Qxe2 Rd2 27. Re1
Rxe2+ 28. Rxe2 Qc4 29. g4 Qxe2+ 30. Kg3 Bd6+ 31. Kh4 Qe7+ 32. g5 Qxg5# 0-1

[Event "PREPARANDO-SE PARA DAR UM CHEQUE"]
[Site "http://www.queenalice.com/game.php?id=807031"]
[Date "2010.7.23"]
[Round "-"]
[White "rogeriooliveira"]
[Black "maxpredador"]
[Result "0-1"]
[WhiteElo "1555"]
[BlackElo "1777"]

1. e4 d5 2. e5 d4 3. d3 Qd5 4. Nf3 Nc6 5. Na3 Nxe5 6. Nxe5 Qxe5+ 7. Qe2 Qf6 8.
Qf3 Qe5+ 9. Qe2 Qc5 10. Qd2 g6 11. Be2 Bh6 12. Qd1 Qa5+ 0-1

[Event "Challenge"]
[Site "http://www.queenalice.com/game.php?id=809169"]
[Date "2010.7.27"]
[Round "-"]
[White "klebercas"]
[Black "maxpredador"]
[Result "0-1"]
[WhiteElo "1555"]
[BlackElo "1709"]

1. e4 d5 2. Nc3 e6 3. d4 c6 4. Bd3 b5 5. Be3 Nf6 6. Nf3 dxe4 7. Nxe4 Qd5 8. Nc3
Qh5 9. O-O Bd6 10. Nxb5 cxb5 11. Bxb5+ Bd7 12. Bd3 Nc6 13. c3 O-O 14. Ng5 Qxh2#
0-1

[Event "Challenge"]
[Site "http://www.queenalice.com/game.php?id=810714"]
[Date "2010.7.30"]
[Round "-"]
[White "miltonferreira"]
[Black "maxpredador"]
[Result "0-1"]
[WhiteElo "1530"]
[BlackElo "1587"]

1. e3 e5 2. Nf3 e4 3. Ne5 d6 4. Nc4 b5 5. Nca3 a6 6. Nc3 d5 7. Qh5 Be6 8. d3 Nf6
9. Qe5 Bd6 10. Qd4 c5 11. Ncxb5 cxd4 12. Nxd4 Bd7 13. dxe4 Nxe4 14. Bd3 Qf6 15.
f3 Qh4+ 16. g3 Bxg3+ 17. Ke2 Bxh2 18. Re1 Qf2+ 19. Kd1 Bg3 20. Be2 Qxe1# 0-1

[Event "desafio turma do carlao"]
[Site "http://www.queenalice.com/game.php?id=876013"]
[Date "2010.12.24"]
[Round "-"]
[White "maxpredador"]
[Black "anderson005"]
[Result "1-0"]
[WhiteElo "1834"]
[BlackElo "1277"]

1. e4 e6 2. d4 Nf6 3. e5 Nd5 4. a3 c6 5. c4 Nb6 6. a4 d6 7. a5 N6d7 8. exd6 Bxd6
9. c5 Bf8 10. b4 a6 11. Nh3 f5 12. Ng5 Qe7 13. h4 h6 14. Qh5+ Kd8 15. Nf7+ Kc7
16. Nxh8 Qf6 17. Bb2 Be7 18. Ra2 Nf8 19. d5 e5 20. d6+ Bxd6 21. cxd6+ Kd7 22.
Nf7 g6 23. Nxe5+ Kxd6 24. Qd1+ Kc7 25. Nd7 Qe6+ 26. Be5+ Kd8 27. Nxf8+ Qd5 28.
Rd2 Ke8 29. Rxd5 cxd5 30. Nxg6 Nc6 31. Qxd5 Bd7 32. Qg8# 1-0

[Event "desafio turma do carlao"]
[Site "http://www.queenalice.com/game.php?id=876017"]
[Date "2010.12.24"]
[Round "-"]
[White "maxpredador"]
[Black "jonas777"]
[Result "1-0"]
[WhiteElo "1832"]
[BlackElo "1401"]

1. e4 e6 2. d4 Nf6 3. e5 Nd5 4. c4 Ne7 5. a3 d6 6. exd6 cxd6 7. Nc3 h6 8. Bd3 d5
9. c5 Nbc6 10. Nb5 a6 11. Nd6+ Kd7 12. Nxf7 Qe8 13. Nxh8 g5 14. Qc2 Bg7 15. Ng6
Ng8 16. Nf3 Kc7 17. Nge5 Nce7 18. h4 gxh4 19. Bf4 Kb8 20. Nc6# 1-0

[Event "desafio turma do carlao II"]
[Site "http://www.queenalice.com/game.php?id=876018"]
[Date "2010.12.24"]
[Round "-"]
[White "jonas777"]
[Black "maxpredador"]
[Result "0-1"]
[WhiteElo "1401"]
[BlackElo "1808"]

1. Nf3 f6 2. Nc3 c6 3. e3 g5 4. h3 d5 5. d4 a6 6. a3 h5 7. Ng1 Nh6 8. g4 hxg4 9.
hxg4 Bxg4 10. Be2 f5 11. f3 Qd6 12. fxg4 Qg3+ 13. Kd2 Nxg4 14. Rxh8 Qxe3+ 15.
Ke1 Qxg1+ 16. Bf1 Qf2# 0-1

[Event "desafio turma do carlao II"]
[Site "http://www.queenalice.com/game.php?id=876020"]
[Date "2010.12.24"]
[Round "-"]
[White "maxpredador"]
[Black "omagorgb25"]
[Result "1-0"]
[WhiteElo "1843"]
[BlackElo "1582"]

1. e4 c5 2. d4 cxd4 3. Qxd4 Nc6 4. Qa4 Qa5+ 5. Qxa5 Nxa5 6. Bd2 Nc6 7. Bc3 e5 8.
a3 g6 9. Nd2 Bg7 10. Ngf3 f6 11. O-O-O Nge7 12. Nc4 O-O 13. Nd6 Rd8 14. Bc4+ Kf8
15. b4 a6 16. b5 axb5 17. Nxb5 b6 18. Kb2 Ke8 19. Nc7+ Kf8 20. Nxa8 d5 21. exd5
Na5 22. Ba2 Rd6 23. Bb4 Nb7 24. Bxd6 Nxd6 25. Nxb6 Bb7 26. Nd2 Ke8 27. Rb1 Kd8
28. Ka1 Nec8 29. Nbc4 Nxc4 30. Bxc4 Nd6 31. Rb6 Kc7 32. Rhb1 Bf8 33. Ba6 Bxa6
34. Rxa6 Nc8 35. Rc6+ Kd8 36. Rb8 1-0

[Event "desafio turma do carlao II"]
[Site "http://www.queenalice.com/game.php?id=876021"]
[Date "2010.12.24"]
[Round "-"]
[White "omagorgb25"]
[Black "maxpredador"]
[Result "0-1"]
[WhiteElo "1632"]
[BlackElo "1849"]

1. e4 d5 2. Nc3 dxe4 3. Nxe4 e5 4. Qh5 Qd4 5. d3 g6 6. Qd1 f5 7. c3 Qb6 8. Nd2
Be6 9. Nc4 Bxc4 10. dxc4 Nf6 11. Qc2 Bc5 12. f3 O-O 13. Nh3 Nc6 14. Ng5 Be3 15.
Bxe3 Qxe3+ 16. Be2 Qxg5 17. O-O Rad8 18. Rad1 Rxd1 19. Rxd1 Qe3+ 20. Kf1 e4 21.
Qd2 Qc5 22. h3 exf3 23. gxf3 Nh5 24. Qd5+ Qxd5 25. cxd5 Ne5 26. Kf2 Nf7 27. c4
Nf4 28. Bf1 Nxh3+ 29. Bxh3 Ng5 30. Bf1 Nf7 31. f4 Rd8 32. Bg2 c6 33. b3 Kf8 34.
Bf3 cxd5 35. Bxd5 Nd6 36. Re1 b6 37. Kf3 Re8 38. Re6 Rxe6 39. Bxe6 Ne4 40. Ke3
Nc5 41. Bd5 a5 42. Bc6 h5 43. Bg2 Kg7 44. Kf3 Kf6 45. Kg3 g5 46. fxg5+ Kxg5 47.
Kf2 f4 48. Kf3 h4 49. Bf1 Kf5 50. Bd3+ Nxd3 51. Ke2 Nc1+ 52. Kd2 Nxa2 53. Kd3
Nc1+ 54. Kc3 Ne2+ 55. Kb2 f3 56. Ka3 f2 57. b4 axb4+ 58. Kxb4 f1=Q 59. Kb5 Qb1+
60. Kc6 Nd4+ 61. Kd5 Qe4+ 62. Kd6 Qe6+ 63. Kc7 Qc6+ 64. Kd8 Kf6 65. c5 Ne6# 0-1

[Event "ULTIMATE TURMA DO CARLAO DQF"]
[Site "http://www.queenalice.com/game.php?id=879601"]
[Date "2010.12.31"]
[Round "-"]
[White "maxpredador"]
[Black "carlosufpe"]
[Result "0-1"]
[WhiteElo "1829"]
[BlackElo "1701"]

1. e4 g6 2. e5 e6 3. d4 Bg7 4. Nh3 c5 5. c3 Qb6 6. d5 exd5 7. Qxd5 Ne7 8. Qc4
O-O 9. Bg5 Nf5 10. g4 Nh6 11. Be2 Re8 12. f4 d6 13. b3 dxe5 14. fxe5 Rxe5 15.
O-O Be6 16. Qd3 Nc6 17. Na3 Re8 18. Rf2 Bxg4 19. Nf4 Rxg5 20. Kf1 Bxe2+ 21. Rxe2
Rxe2 22. Qxe2 Qd8 23. Rd1 Qf6 24. Qe8+ Bf8 25. Qe4 Rf5 26. Ke2 Re5 27. Nd5 Rxe4+
28. Kd3 Qf3+ 29. Kc2 Re2+ 30. Kb1 Nf5 31. Nf6+ Kg7 32. Nd5 Ne3 33. Nxe3 Qxe3 34.
Nc2 Qxc3 35. Rc1 Nb4 36. Nxb4 Qb2# 0-1

[Event "ULTIMATE TURMA DO CARLAO DQF"]
[Site "http://www.queenalice.com/game.php?id=879603"]
[Date "2010.12.31"]
[Round "-"]
[White "carlosufpe"]
[Black "maxpredador"]
[Result "0-1"]
[WhiteElo "1713"]
[BlackElo "1811"]

1. d4 d5 2. e3 h5 3. b3 Qd6 4. c4 b6 5. cxd5 Qxd5 6. Qf3 c6 7. Qxd5 cxd5 8. Bb5+
Bd7 9. Bxd7+ Nxd7 10. Nf3 f6 11. Nc3 e6 12. Nb5 Bb4+ 13. Bd2 Bxd2+ 14. Nxd2 Kd8
15. Nd6 Nh6 16. O-O Ke7 17. Nb5 Rhc8 18. Rfc1 Rxc1+ 19. Rxc1 a6 20. Nc3 Rc8 21.
Ndb1 b5 22. Re1 g5 23. a4 b4 24. Na2 a5 25. g3 h4 26. Nc1 hxg3 27. fxg3 Rc2 28.
Nd3 Ng4 29. h3 Nh2 30. Nf2 Nf3+ 31. Kf1 Nxe1 32. Kxe1 Rc1+ 33. Ke2 Rxb1 34. Kf3
Rxb3 0-1

[Event "AUTO-INT-1753"]
[Site "http://www.queenalice.com/game.php?id=897227"]
[Date "2011.2.7"]
[Round "2"]
[White "maxpredador"]
[Black "Tal0n"]
[Result "1-0"]
[WhiteElo "1810"]
[BlackElo "1695"]

1. e4 e5 2. Qh5 Nf6 3. Qxe5+ Be7 4. d4 Nc6 5. Qg5 Nxe4 6. Qxg7 Bf6 7. Qg4 Qe7 8.
Be3 Nxd4 9. Na3 d5 10. Qd1 Qb4+ 11. c3 Qxb2 12. cxd4 Qxa3 13. Nf3 Bg4 14. h3 Qb2
15. hxg4 Nxf2 16. Bxf2 O-O-O 17. Be2 Qc3+ 18. Kf1 b6 19. Rc1 Qa5 20. Qc2 c5 21.
Qf5+ Rd7 22. Qxf6 Rg8 23. Qc6+ Rc7 24. Qa8+ Kd7 25. Qxg8 Qa3 26. Ne5+ Ke7 27.
Qxf7+ Kd8 28. Qf8# 1-0

[Event "AUTO-INT-1753"]
[Site "http://www.queenalice.com/game.php?id=897228"]
[Date "2011.2.7"]
[Round "2"]
[White "Tal0n"]
[Black "maxpredador"]
[Result "0-1"]
[WhiteElo "1684"]
[BlackElo "1821"]

1. e4 e5 2. Nf3 Nc6 3. d4 exd4 4. Nxd4 Nxd4 5. Qxd4 c5 6. Qe5+ Ne7 7. Qxc5 Nc6
8. Qf5 Nd4 9. Qe5+ Ne6 10. Bc4 d6 11. Qb5+ Bd7 12. Qxb7 Rc8 13. Bxe6 Bxe6 14.
Qxa7 Be7 15. b3 Bf6 16. Qa4+ Bd7 17. Qa3 Bxa1 18. c3 Qe7 19. Be3 O-O 20. Qb4 Rb8
21. Qd4 Bb5 22. Na3 Ba6 23. Qd2 Qxe4 24. Qc1 Bxc3+ 25. Qxc3 Qxg2 26. Ba7 Qxh1+
27. Kd2 Rbc8 28. Qb2 Qd5+ 29. Ke1 Rfe8+ 30. Be3 Qh1+ 31. Kd2 Qf1 32. Nc4 d5 33.
Nd6 Qe2# 0-1